Т.1: Основные принципы и классические методы; Методы и техника обработки сигналов при физических измерениях

Bibliografski detalji
Parent link:Методы и техника обработки сигналов при физических измерениях: пер. с фр./ Ж. Макс. Т.1: Основные принципы и классические методы.— , 1983
Jezik:ruski
Izdano: 1983
Teme:
Format: Knjiga
KOHA link:https://koha.lib.tpu.ru/cgi-bin/koha/opac-detail.pl?biblionumber=96483

MARC

LEADER 00000nam2a2200000 4500
001 96483
005 20231031110553.0
020 |a RU  |b 83-58256 
035 |a (RuTPU)RU\TPU\book\103292 
090 |a 96483 
100 |a 20060515d1983 km a0rusy5003 ca 
101 1 |a rus  |c fre 
102 |a RU 
105 |a y z 000zy 
200 0 |a Т.1: Основные принципы и классические методы 
210 |d 1983 
215 |a 311 с.  |c ил.  |d 22 см 
461 1 |0 (RuTPU)RU\TPU\book\100920  |t Методы и техника обработки сигналов при физических измерениях  |o пер. с фр.  |o в 2 т.  |f Ж. Макс  |v Т.1: Основные принципы и классические методы  |d 1983 
610 1 |a физические измерения 
610 1 |a результаты 
610 1 |a сигналы 
610 1 |a преобразование Фурье 
610 1 |a преобразование Лапласа 
610 1 |a свертка 
610 1 |a фильтрация 
610 1 |a дискретизация 
610 1 |a корреляция 
610 1 |a спектральный анализ 
610 1 |a обработка 
675 |a 531.7:51  |z rus 
801 0 |a RU  |b RuMRKP  |c 19950704  |g psbo 
801 1 |a RU  |b 63413507  |c 20060515  |g PSBO 
801 2 |a RU  |b 63413507  |c 20180821  |g PSBO 
900 |a Обнаружение и фильтрация сигналов в неразрушающем контроле 
900 |a Преобразование измерительных сигналов 
942 |c BK